Carta de Américo Vespucio de las islas nuevamente descubiertas en cuatro de sus viajes

Detalles Bibliográficos
Autor Corporativo: Universidad Nacional Autónoma de México. Instituto de Investigaciones Estéticas
Formato: Libro
Lenguaje:Undetermined
Publicado: México 1941
Edición:Edición facsimilar de un impreso publicado entre 1505 y 1516, se reimprime en conmemoración del día de la raza 12 de octubre de 1941
Materias:
Colección:Banco de datos
Acervo:Biblioteca Fenando Tola de Habich. Colección bibliográfica
Descripción Física:67 p., [2] h. il. 24 cm.
Notas:Daños en la encuadernación
LEADER 00827nam a2200181Ia 4500
008 150723s9999 xx 000 0 und d
245 1 0 |a Carta de Américo Vespucio de las islas nuevamente descubiertas en cuatro de sus viajes 
250 |a Edición facsimilar de un impreso publicado entre 1505 y 1516, se reimprime en conmemoración del día de la raza 12 de octubre de 1941 
260 |a México  |b Imprenta Universitaria  |c 1941 
300 |a 67 p., [2] h.  |b il.  |c 24 cm. 
500 |a Daños en la encuadernación 
599 |a Incluye ilustraciones 
651 4 |a América Descubrimientos y exploraciones 
710 1 |a Universidad Nacional Autónoma de México. Instituto de Investigaciones Estéticas 
852 |a 11364 
942 |c TOLALIB 
943 |g Biblioteca Fenando Tola de Habich. Colección bibliográfica 
999 |c 1000332  |d 1000332